Digital Literacy of Roma in Slovakia

Prehĺbenie chápania súčasného stavu digitálnej gramotnosti rómskej populácie na Slovensku a identifikovanie hlavných prekážok, ktorým čelí.

Gespeichert in:
Bibliographische Detailangaben
1. Verfasser: Lukáč, Jozef, 1991-
Weitere Verfasser: Kudlová, Zuzana, 1986-
Format: Buchkapitel
Sprache:Englisch
Schlagworte:
Tags: Tag hinzufügen
Keine Tags, Fügen Sie das erste Tag hinzu!

MARC

LEADER 00000naa$a2200000$$$4500
001 0305902
005 20250109081111.6
041 0 |a eng 
044 |a SK 
245 1 0 |a Digital Literacy of Roma in Slovakia  |c Jozef Lukáč, Zuzana Kudlová 
520 |a Prehĺbenie chápania súčasného stavu digitálnej gramotnosti rómskej populácie na Slovensku a identifikovanie hlavných prekážok, ktorým čelí. 
610 2 0 |a gramotnosť 
610 2 0 |a gramotnosť digitálna 
610 2 0 |a Rómovia 
610 2 0 |a Slovensko 
610 2 0 |a digitalizácia 
610 2 0 |a technológie nové 
100 1 |a Lukáč, Jozef, 1991- 
700 1 |a Kudlová, Zuzana, 1986-